| 000 | 00508nam a22001937a 4500 | ||
|---|---|---|---|
| 003 | OSt | ||
| 005 | 20161110132021.0 | ||
| 008 | 160505b xxu||||| |||| 00| 0 eng d | ||
| 020 | _a 9788122414370 | ||
| 040 | _c040a | ||
| 082 |
_a546 _bRED 2003 |
||
| 100 |
_aReddy, K. Hussain _98509 |
||
| 245 | _aBioinorganic Chemistry | ||
| 260 |
_aNew Delhi _bNew Age International _c2003 |
||
| 300 |
_axiv, 350p; _bill : _c15 cm |
||
| 504 | _aIncludes index | ||
| 650 |
_aInorganic chemistry _9799 |
||
| 942 |
_2ddc _cSLOAN |
||
| 999 |
_c3877 _d3877 |
||